<?xml version="1.0" encoding="UTF-8"?>
<record
    xmlns:xsi="http://www.w3.org/2001/XMLSchema-instance"
    xsi:schemaLocation="http://www.loc.gov/MARC21/slim http://www.loc.gov/standards/marcxml/schema/MARC21slim.xsd"
    xmlns="http://www.loc.gov/MARC21/slim">

  <leader>00332nam a2200133Ia 4500</leader>
  <controlfield tag="008">191201s2012    xx            000 0 und d</controlfield>
  <datafield tag="082" ind1=" " ind2=" ">
    <subfield code="a">004.22</subfield>
    <subfield code="b">STC</subfield>
  </datafield>
  <datafield tag="100" ind1=" " ind2=" ">
    <subfield code="a">STALLINGS, William</subfield>
  </datafield>
  <datafield tag="245" ind1=" " ind2="0">
    <subfield code="a">Computer Organization and Architecture</subfield>
  </datafield>
  <datafield tag="250" ind1=" " ind2=" ">
    <subfield code="a">8th</subfield>
  </datafield>
  <datafield tag="260" ind1=" " ind2=" ">
    <subfield code="c">2012</subfield>
    <subfield code="b">pearson</subfield>
    <subfield code="a">NEW DELHI</subfield>
  </datafield>
  <datafield tag="300" ind1=" " ind2=" ">
    <subfield code="a">792</subfield>
  </datafield>
  <datafield tag="942" ind1=" " ind2=" ">
    <subfield code="2">ddc</subfield>
    <subfield code="c">BK</subfield>
    <subfield code="0">2</subfield>
  </datafield>
  <datafield tag="999" ind1=" " ind2=" ">
    <subfield code="c">7846</subfield>
    <subfield code="d">7846</subfield>
  </datafield>
  <datafield tag="952" ind1=" " ind2=" ">
    <subfield code="0">0</subfield>
    <subfield code="1">0</subfield>
    <subfield code="2">ddc</subfield>
    <subfield code="4">0</subfield>
    <subfield code="7">0</subfield>
    <subfield code="8">BCA</subfield>
    <subfield code="a">PIET</subfield>
    <subfield code="b">PIET</subfield>
    <subfield code="d">2013-08-31</subfield>
    <subfield code="e">IBH, New Delhi</subfield>
    <subfield code="g">550.00</subfield>
    <subfield code="k">9603</subfield>
    <subfield code="l">0</subfield>
    <subfield code="o">004.22 STC</subfield>
    <subfield code="p">BC472</subfield>
    <subfield code="r">2019-12-04 00:00:00</subfield>
    <subfield code="v">396.00</subfield>
    <subfield code="w">2013-08-31</subfield>
    <subfield code="y">BK</subfield>
  </datafield>
  <datafield tag="952" ind1=" " ind2=" ">
    <subfield code="0">0</subfield>
    <subfield code="1">0</subfield>
    <subfield code="2">ddc</subfield>
    <subfield code="4">0</subfield>
    <subfield code="7">0</subfield>
    <subfield code="8">BCA</subfield>
    <subfield code="a">PIET</subfield>
    <subfield code="b">PIET</subfield>
    <subfield code="d">2013-08-31</subfield>
    <subfield code="e">IBH, New Delhi</subfield>
    <subfield code="g">550.00</subfield>
    <subfield code="k">9603</subfield>
    <subfield code="l">1</subfield>
    <subfield code="o">004.22 RAC</subfield>
    <subfield code="p">BC473</subfield>
    <subfield code="r">2020-12-28 00:00:00</subfield>
    <subfield code="s">2020-12-10</subfield>
    <subfield code="v">396.00</subfield>
    <subfield code="w">2013-08-31</subfield>
    <subfield code="y">BK</subfield>
  </datafield>
  <datafield tag="952" ind1=" " ind2=" ">
    <subfield code="0">0</subfield>
    <subfield code="1">0</subfield>
    <subfield code="2">ddc</subfield>
    <subfield code="4">0</subfield>
    <subfield code="7">0</subfield>
    <subfield code="8">BCA</subfield>
    <subfield code="a">PIET</subfield>
    <subfield code="b">PIET</subfield>
    <subfield code="d">2013-08-31</subfield>
    <subfield code="e">IBH, New Delhi</subfield>
    <subfield code="g">550.00</subfield>
    <subfield code="k">9603</subfield>
    <subfield code="l">0</subfield>
    <subfield code="o">004.22 STC</subfield>
    <subfield code="p">BC474</subfield>
    <subfield code="r">2019-12-04 00:00:00</subfield>
    <subfield code="v">396.00</subfield>
    <subfield code="w">2013-08-31</subfield>
    <subfield code="y">BK</subfield>
  </datafield>
  <datafield tag="952" ind1=" " ind2=" ">
    <subfield code="0">0</subfield>
    <subfield code="1">0</subfield>
    <subfield code="2">ddc</subfield>
    <subfield code="4">0</subfield>
    <subfield code="7">0</subfield>
    <subfield code="8">BCA</subfield>
    <subfield code="a">PIET</subfield>
    <subfield code="b">PIET</subfield>
    <subfield code="d">2013-08-31</subfield>
    <subfield code="e">IBH, New Delhi</subfield>
    <subfield code="g">550.00</subfield>
    <subfield code="k">9603</subfield>
    <subfield code="l">2</subfield>
    <subfield code="o">004.22 STC</subfield>
    <subfield code="p">BC475</subfield>
    <subfield code="r">2023-11-08 00:00:00</subfield>
    <subfield code="s">2023-10-25</subfield>
    <subfield code="v">396.00</subfield>
    <subfield code="w">2013-08-31</subfield>
    <subfield code="y">BK</subfield>
  </datafield>
  <datafield tag="952" ind1=" " ind2=" ">
    <subfield code="0">0</subfield>
    <subfield code="1">0</subfield>
    <subfield code="2">ddc</subfield>
    <subfield code="4">0</subfield>
    <subfield code="7">0</subfield>
    <subfield code="8">BCA</subfield>
    <subfield code="a">PIET</subfield>
    <subfield code="b">PIET</subfield>
    <subfield code="d">2013-08-31</subfield>
    <subfield code="e">IBH, New Delhi</subfield>
    <subfield code="g">550.00</subfield>
    <subfield code="k">9603</subfield>
    <subfield code="l">0</subfield>
    <subfield code="o">004.22 STC</subfield>
    <subfield code="p">BC476</subfield>
    <subfield code="r">2019-12-04 00:00:00</subfield>
    <subfield code="v">396.00</subfield>
    <subfield code="w">2013-08-31</subfield>
    <subfield code="y">BK</subfield>
  </datafield>
</record>
